| 000 | 01272nam a2200241Ii 4500 | ||
|---|---|---|---|
| 003 | JO-AjNU | ||
| 005 | 20240702095122.0 | ||
| 008 | 230605s9999||||xx |||||||||||||| ||und|| | ||
| 040 |
_aJO-AjNU _bara _erda _cJO-AjNU |
||
| 041 | _aara | ||
| 050 | 1 | 4 | _aHD62.7.2020 |
| 100 | 1 |
_aحسين، عمران امين محمد _eمعد _965973 |
|
| 245 | 0 | 0 |
_aدور حاضنات الاعمال في دعم المشروعات الزراعية الريادية في الاردن=The Role of Business Incubators in Supporting of Entrepreneurial Agricultural Projects in Jordan / _cاعداد عمران امين محمد حسين؛ اشراف بلال احمد ميثاني |
| 264 | 3 | 1 | _a 2020 |
| 300 | _a134 ورقة | ||
| 336 |
_atext _btxt _2rdacontent |
||
| 337 |
_aunmediated _bn _2rdamedia |
||
| 338 |
_avolume _bnc _2rdacarrier |
||
| 500 | _aرسالة جامعية(اطروحة ماجستير) جامعة عجلون الوطنية ،كلية ادارة الاعمال،ادارة اعمال 2020، يحتوي على قائمة مراجع من ص110-120ص ويحتوي على ملاحق من ص 121-134ص | ||
| 650 | 4 |
_aالمشروعات الزراعية- تمويل- الاردن _959690 |
|
| 700 | 1 |
_aالمثاني، بلال احمد _965043 _eمشرف |
|
| 942 |
_2lcc _cTHS |
||
| 999 |
_c30441 _d30441 |
||